01108nam a2200229 a 4500008004100000020001500041050001800056100001800074245002700092260004200119300002100161350000900182650001300191650005300204700002400257700002300281995014300304995015200447999001700599952012500616952013700741120416s1981 ||||||||||||||||| || u a0471123056 aHF 5548.2 Sar aBurch, John G10aEDP auditing: a primer aNew York :bJohn Wiley and Sonsc1981 aix, 209p. : ill. a0.00 aAUDITING aELECTRONIC DATA PROCESSING DEPARTMENTS--AUDITING aAsebrook, Richard J aSardinas, Joseph L aTEXTBOOKS (SB)D0.00e1477FCBU-SCHOOL TEXTBOOK COLLECTIONSH1I0.00jSCHOOL TEXTBOOKM2UAVAILABLEWOct 7, 2009y1477ZSchool Collections aMAIN LIBRARY OPEN ACCESSD0.00e729234FCBU-MAIN LIBRARY (Kitwe)H1I5.35jHF 5548.2 SarM1UAVAILABLEy021272ZMain Library Open Access Collection c75743d75743 00102lcc4070a005b005c(SB) School Collectionsd2023-04-24l0oSCHOOL TEXTBOOKp1477r2023-04-24t1w2023-04-24y002 00102lcc4070a001b001cMain Library Open Access Collectiond2023-04-24l0oHF 5548.2 Sarp021272r2023-04-24t2w2023-04-24y002